000
00238nam a22000857a 4500
008
160701b xxu||||| |||| 00| 0 eng d
100
_9
1690
_a
Gadekar, A
245
_a
Bookworm: English Suupplementary Reader
260
_a
New delhi
_b
Arya
_c
2002
999
_c
1403
_d
1403